Healing and treatment of diseases through water / (Record no. 34073)

000 -LEADER
fixed length control field 00617nam a22001937a 4500
005 - DATE AND TIME OF LATEST TRANSACTION
control field 20260115101717.0
008 - FIXED-LENGTH DATA ELEMENTS--GENERAL INFORMATION
fixed length control field 240514b ||||| |||| 00| 0 eng d
020 ## - INTERNATIONAL STANDARD BOOK NUMBER
International Standard Book Number 8170304946
040 ## - CATALOGING SOURCE
Transcribing agency SSBUL
082 ## - DEWEY DECIMAL CLASSIFICATION NUMBER
Classification number 615.8
100 1# - MAIN ENTRY--PERSONAL NAME
Personal name Kneipp, Sebastian.
9 (RLIN) 40143
245 1# - TITLE STATEMENT
Title Healing and treatment of diseases through water /
Statement of responsibility, etc. Sebastian Kneipp.
264 ## - PRODUCTION, PUBLICATION, DISTRIBUTION, MANUFACTURE, AND COPYRIGHT NOTICE
Place of production, publication, distribution, manufacture Delhi :
Name of producer, publisher, distributor, manufacturer Sri Satguru Publications,
Date of production, publication, distribution, manufacture, or copyright notice 1996.
300 ## - PHYSICAL DESCRIPTION
Extent xxv, 272 pages :
Other physical details illustrations ;
Dimensions 23 cm.
440 ## - SERIES STATEMENT/ADDED ENTRY--TITLE
Title Indian medical science series ;
Number of part/section of a work no. 19.
9 (RLIN) 40144
500 ## - GENERAL NOTE
General note S-KN: Ashin Khemānanda
650 ## - SUBJECT ADDED ENTRY--TOPICAL TERM
Topical term or geographic name entry element Hydrotherapy
9 (RLIN) 40145
942 ## - ADDED ENTRY ELEMENTS (KOHA)
Source of classification or shelving scheme
Koha item type Book (Short term)
Holdings
Withdrawn status Lost status Source of classification or shelving scheme Damaged status Not for loan Collection code Permanent Location Current Location Shelving location Date acquired Total Checkouts Full call number Barcode Date last seen Price effective from Koha item type Accession
          English Collection Shan State Buddhist University Library Shan State Buddhist University Library English Shelves 14/05/2024   615.8 Kn 6161 EB00006161 14/05/2024 14/05/2024 Book (Short term) 6161

Library - 09407999929
Admin Office - 09407999979
Dean Office - 09250910768
Registrar Office - 09892297154
Email - [email protected]
Shan State Buddhist University, Phaya Phyu Taunggyi, Shan State, Myanmar.